La economía de la pobreza (Registro nro. 4720)
[ vista simple ]
| 000 -LEADER | |
|---|---|
| fixed length control field | 01426 a2200217 4500 |
| 001 - CONTROL NUMBER | |
| control field | 48783 |
| 005 - DATE AND TIME OF LATEST TRANSACTION | |
| control field | 20260407155753.0 |
| 008 - FIXED-LENGTH DATA ELEMENTS--GENERAL INFORMATION | |
| fixed length control field | 260407a1972 arg spa d |
| 003 - CONTROL NUMBER IDENTIFIER | |
| control field | AR-UNSa-BCEJYS |
| 040 ## - CATALOGING SOURCE | |
| Original cataloging agency | AR-UNSa-BCEJYS |
| Language of cataloging | spa |
| Transcribing agency | AR-UNSa-BCEJYS |
| 080 ## - UNIVERSAL DECIMAL CLASSIFICATION NUMBER | |
| Universal Decimal Classification number | 338.124 |
| Common auxiliary subdivision | Retroceso de la actividad económica. Contracción económica (Pobreza...) |
| 100 1# - MAIN ENTRY--PERSONAL NAME | |
| Personal name | Balogh, Lord Thomas S. |
| 245 10 - TITLE STATEMENT | |
| Title | La economía de la pobreza |
| 264 #1 - PRODUCTION, PUBLICATION, DISTRIBUTION, MANUFACTURE, AND COPYRIGHT NOTICE | |
| Place of production, publication, distribution, manufacture | Barcelona : |
| Name of producer, publisher, distributor, manufacturer | Vicens-Vives |
| Date of production, publication, distribution, manufacture, or copyright notice | 1972 |
| 300 ## - PHYSICAL DESCRIPTION | |
| Extent | xi, 271 p. |
| Dimensions | 21 cm. |
| 505 ## - FORMATTED CONTENTS NOTE | |
| Formatted contents note | Primera Parte: LA TEORÍA Y LA REALIDAD: 1. La política económica y el sistema de precios - 2. El mecanismo del neoimperialismo - 3. El consumidor y el desarrollo económico - - Segunda Parte: La transformación de la agricultura primitiva: 4. La agricultura y el desarrollo económico - 5. La agricultura según la escuela de Chicago - - Tercera Parte: LA EDUCACIÓN Y EL DESARROLLO: 6. La educación y el crecimiento económico - 7. Oxbridge en exceso - - Cuarta Parte: LOS ASPECTOS INTERNACIONALES: 8. Ayuda internacional vs. Comercio internacional - 9. La frustración causada por la administración - 10. La economía en un mundo de en tensión - 11. El impacto de la ayuda - 12. La cooperación como el camino indicado para convertir la ayuda internacional en algo eficaz. |
| 590 ## - LOCAL NOTE (RLIN) | |
| Local note | niveau_biblio:m niveau_hierar:0 |
| 700 1# - ADDED ENTRY--PERSONAL NAME | |
| Personal name | Puig, Pedro |
| 700 1# - ADDED ENTRY--PERSONAL NAME | |
| Personal name | Cuadrado, Juan R. |
| 942 ## - ADDED ENTRY ELEMENTS (KOHA) | |
| Koha item type | |
| Withdrawn status | Lost status | Damaged status | Not for loan | Home library | Current library | Shelving location | Date acquired | Total checkouts | Full call number | Barcode | Date last seen | Price effective from | Koha item type |
|---|---|---|---|---|---|---|---|---|---|---|---|---|---|
| Biblioteca Prof. Eusebio Cleto del Rey | Biblioteca Prof. Eusebio Cleto del Rey | 07/04/2026 | 338.124 B195 | L25806 | 07/04/2026 | 07/04/2026 | Libro | ||||||
| Biblioteca Prof. Eusebio Cleto del Rey | Biblioteca Prof. Eusebio Cleto del Rey | 07/04/2026 | 338.124 B195 | L25805 | 07/04/2026 | 07/04/2026 | Libro |